[Event "Challenge"]
[Site "http://www.queenalice.com/game.php?id=455380"]
[Date "2008.8.29"]
[Round "-"]
[White "JMasters"]
[Black "rsgaspar"]
[Result "0-1"]
[WhiteElo "1679"]
[BlackElo "1771"]

1. e4 e5 2. f4 exf4 3. Nf3 Be7 4. Bc4 d6 5. O-O c6 6. Nc3 b5 7. Bb3 Bg4 8. Qe1
Nf6 9. e5 dxe5 10. Nxe5 O-O 11. Rxf4 Be6 12. Ne4 Qd4+ 13. Kh1 Qxe5 14. d3 Nxe4
15. Rxe4 Qf5 16. Bd2 Bf6 17. Bc3 Bxb3 18. axb3 Nd7 19. Qe2 Bxc3 20. bxc3 Nf6 21.
Rf1 Qc8 22. Rh4 Qe6 23. Qf3 Rae8 24. Qg3 Qe2 25. Rhf4 Nh5 26. Qg5 Nxf4 27. Qxf4
Qxc2 28. h3 Qxd3 29. Kh2 Qxc3 30. Rc1 Qe5 31. Qxe5 Rxe5 32. Rxc6 Ra8 33. h4 g6
34. b4 Re4 0-1

[Event "Challenge"]
[Site "http://www.queenalice.com/game.php?id=455751"]
[Date "2008.8.30"]
[Round "-"]
[White "JMasters"]
[Black "rsgaspar"]
[Result "1-0"]
[WhiteElo "1636"]
[BlackElo "1813"]

1. e4 e5 2. f4 exf4 3. Bc4 Qh4+ 4. Kf1 Bc5 5. d4 Bb4 6. c3 Be7 7. Nf3 Qg4 8. Qb3
Nh6 9. Ne5 Qh5 10. Bxf4 O-O 11. Nd2 c6 12. Ndf3 b5 13. Be2 Ng4 14. h3 d6 15.
Nxg4 Bxg4 16. Kf2 Kh8 17. hxg4 Qxg4 18. Bg3 f5 19. Ne5 Qxe4 20. Nf7+ Kg8 21.
Nh6+ Kh8 22. Qg8+ Rxg8 23. Nf7# 1-0

[Event "Challenge"]
[Site "http://www.queenalice.com/game.php?id=455752"]
[Date "2008.8.30"]
[Round "-"]
[White "JMasters"]
[Black "rsgaspar"]
[Result "1-0"]
[WhiteElo "1659"]
[BlackElo "1768"]

1. e4 e5 2. d4 exd4 3. c3 dxc3 4. Bc4 Qf6 5. Qb3 Bc5 6. Nf3 c6 7. a4 a5 8. O-O
Bb4 9. Ng5 Nh6 10. f4 O-O 11. e5 Qg6 12. f5 Qh5 13. Nxc3 d5 14. Be2 Qh4 15. Be3
d4 16. g3 dxe3 17. gxh4 Nxf5 18. Qc2 g6 19. Bg4 Bc5 20. Kh1 b5 21. Nce4 Be7 22.
Nf6+ Kh8 23. Bxf5 Bxf5 24. Rxf5 h6 25. Rg1 hxg5 26. Rgxg5 Nd7 27. Rh5+ gxh5 28.
Rxh5+ 1-0

[Event "Challenge"]
[Site "http://www.queenalice.com/game.php?id=455753"]
[Date "2008.8.30"]
[Round "-"]
[White "JMasters"]
[Black "rsgaspar"]
[Result "1-0"]
[WhiteElo "1667"]
[BlackElo "1783"]

1. e4 e5 2. f4 exf4 3. Bc4 Bc5 4. Nf3 Nf6 5. d4 Bb4+ 6. c3 Ba5 7. b4 Bb6 8. e5
Ng4 9. Bxf4 O-O 10. h3 d5 11. exd6 Qf6 12. Bg5 Qg6 13. hxg4 Bxg4 14. dxc7 Bxc7
15. Be3 Re8 16. Kf2 Nd7 17. Bd3 Qf6 18. Bxh7+ Kf8 19. Bc2 g6 20. Bg5 Qd6 21.
Nbd2 f6 22. Bh6+ Kf7 23. Ne4 Qc6 24. Qd3 Bf5 25. Rae1 Re7 26. b5 Qb6 27. Qc4+
Be6 28. Neg5+ fxg5 29. Nxg5+ Ke8 30. Nxe6 Bd6 31. Bxg6+ Rf7+ 32. Bxf7+ Kxf7 33.
Nf8+ 1-0

[Event "Challenge"]
[Site "http://www.queenalice.com/game.php?id=455754"]
[Date "2008.8.30"]
[Round "-"]
[White "JMasters"]
[Black "rsgaspar"]
[Result "0-1"]
[WhiteElo "1688"]
[BlackElo "1762"]

1. e4 e5 2. Nf3 Nc6 3. Bc4 Bc5 4. b4 Bxb4 5. c3 Bc5 6. d4 exd4 7. O-O Nf6 8.
cxd4 Bb4 9. Ng5 O-O 10. e5 Ne8 11. Qh5 h6 12. Qg6 hxg5 13. Bxg5 Be7 14. f4 d5
15. exd6 Nxd6 16. Bb3 Bxg5 17. fxg5 Nxd4 18. Qh5 Nxb3 19. axb3 Bf5 20. Rf4 Bg6
21. Qh3 Qxg5 22. Rh4 f5 23. Nc3 c6 24. Rh8+ Kf7 25. Rxf8+ Rxf8 26. Qd3 Qf6 27.
Rxa7 Rd8 28. Ne2 Kf8 29. Nf4 Bf7 30. Qe3 Re8 31. Qc5 Kg8 32. b4 Re1+ 33. Kf2
Ne4+ 34. Kf3 Nxc5 35. bxc5 Rb1 0-1

[Event "Challenge"]
[Site "http://www.queenalice.com/game.php?id=456366"]
[Date "2008.8.31"]
[Round "-"]
[White "JMasters"]
[Black "Xavier"]
[Result "1-0"]
[WhiteElo "1675"]
[BlackElo "1827"]

1. e4 c5 2. Nf3 Nc6 3. d4 cxd4 4. Nxd4 d5 5. Bb5 dxe4 6. Nxc6 Qxd1+ 7. Kxd1 Bd7
8. Nd4 Nf6 9. Bxd7+ Nxd7 10. Nc3 e5 11. Ndb5 O-O-O 12. Nxa7+ Kc7 13. Ke2 f5 14.
Nd5+ Kd6 15. Rd1 Ke6 16. Nb5 Bd6 17. Ndc7+ Bxc7 18. Nxc7+ Kf7 19. f4 Kf6 20. h4
Nb6 21. fxe5+ Kxe5 22. Be3 Nc4 23. Bg5 Rd6 24. g3 Rc8 25. Bf4+ Kf6 26. Rxd6+
Nxd6 27. Bxd6 h5 28. Rd1 Kf7 29. Be5 Ke7 30. Ke3 b5 31. c3 Rg8 32. Nxb5 Ke6 33.
Bf4 Ke7 34. a4 Ra8 35. Ra1 Kd7 36. a5 Rd8 37. a6 Ke8 38. Nd6+ Kd7 39. a7 Ke6 40.
a8=Q 1-0

[Event "Challenge"]
[Site "http://www.queenalice.com/game.php?id=456381"]
[Date "2008.8.31"]
[Round "-"]
[White "JMasters"]
[Black "XaraX"]
[Result "0-1"]
[WhiteElo "1777"]
[BlackElo "1861"]

1. e4 e5 2. f4 exf4 3. Nf3 g5 4. Bc4 g4 5. O-O gxf3 6. Qxf3 Qf6 7. e5 Qxe5 8.
Bxf7+ Kxf7 9. c3 Bh6 10. d4 Qf5 11. Bxf4 Bxf4 12. Qxf4 Qxf4 13. Rxf4+ Kg6 14.
Nd2 d6 15. Raf1 Nc6 16. Rf8 Nce7 17. Ne4 a5 18. R1f3 Bg4 19. Rxa8 Bxf3 20. gxf3
Kg7 21. Ra7 Nf6 22. Rxb7 Rc8 23. Ra7 Nc6 24. Ra6 Nd8 25. Rxa5 Ne6 26. Kf2 Rf8
27. Ke3 Re8 28. Ra7 Kg6 29. Nxf6 Kxf6 30. d5 Ng5+ 31. Kf4 Re5 32. h4 Rf5+ 33.
Kg4 Nxf3 34. Rxc7 h5+ 35. Kg3 Nd2 36. b4 Rxd5 37. Kf2 Nb1 38. c4 Rd2+ 39. Ke3
Rxa2 40. b5 Rb2 41. Kd4 Na3 42. Kd5 Rd2+ 43. Ke4 Ke6 44. b6 Rb2 45. b7 Rb4 46.
Kf3 Nxc4 47. Rxc4 Rxb7 48. Kf4 Rg7 49. Re4+ Kd5 50. Kf3 Rf7+ 51. Ke3 Rg7 52.
Rd4+ Kc5 53. Rd2 Rg4 54. Rc2+ Kd5 55. Rd2+ Ke6 56. Rh2 d5 57. Kf3 d4 58. Re2+
Kd5 59. Ra2 Rxh4 60. Kg3 Re4 61. Ra5+ Kc4 62. Rxh5 d3 63. Rh1 d2 64. Kf3 Re1 65.
Rh4+ Kc3 0-1

[Event "Challenge"]
[Site "http://www.queenalice.com/game.php?id=456382"]
[Date "2008.8.31"]
[Round "-"]
[White "JMasters"]
[Black "hoovain"]
[Result "1-0"]
[WhiteElo "1743"]
[BlackElo "1861"]

1. e4 c5 2. Nf3 d6 3. d4 cxd4 4. Nxd4 Nf6 5. Nc3 a6 6. Bg5 Nbd7 7. Bc4 e6 8. f4
Be7 9. Qd2 b5 10. Bb3 O-O 11. O-O-O b4 12. Nce2 Qb6 13. h4 Nxe4 14. Qe1 Ndf6 15.
Ng3 d5 16. Nh5 Nxg5 17. Nxf6+ Bxf6 18. hxg5 Bxd4 19. f5 Be3+ 20. Kb1 Bxg5 21.
Qe2 a5 22. Qh5 Qe3 23. Qxh7# 1-0

[Event "Challenge"]
[Site "http://www.queenalice.com/game.php?id=456383"]
[Date "2008.8.31"]
[Round "-"]
[White "JMasters"]
[Black "ocarrasco"]
[Result "0-1"]
[WhiteElo "1753"]
[BlackElo "1792"]

1. e4 d6 2. d4 Nf6 3. Nc3 g6 4. f4 Bg7 5. Nf3 O-O 6. Bd3 c6 7. Be3 Nbd7 8. Qd2
Re8 9. O-O-O e5 10. Rdg1 Qa5 11. g4 b5 12. Kb1 b4 13. Nd1 exf4 14. Bxf4 Nxe4 15.
Bxe4 Rxe4 16. Bxd6 Nb6 17. Bxb4 Qb5 18. c3 Nc4 19. Qc2 Rxg4 20. Re1 Bf5 21. Qxf5
Qxf5+ 0-1

[Event "AUTO-ADV-1022"]
[Site "http://www.queenalice.com/game.php?id=456585"]
[Date "2008.9.1"]
[Round "1"]
[White "JMasters"]
[Black "braseiko"]
[Result "0-1"]
[WhiteElo "1638"]
[BlackElo "2035"]

1. e4 e5 2. f4 Nf6 3. Nc3 Nc6 4. fxe5 Nxe5 5. d4 Ng6 6. e5 Ng8 7. Nf3 d6 8. Bc4
dxe5 9. Ng5 Nh6 10. O-O f6 11. Qf3 Qxd4+ 12. Be3 Qxc4 13. Nge4 Ng4 14. Rad1 Nxe3
15. Qxe3 f5 16. Ng5 Bc5 0-1

[Event "AUTO-ADV-1022"]
[Site "http://www.queenalice.com/game.php?id=456586"]
[Date "2008.9.1"]
[Round "1"]
[White "braseiko"]
[Black "JMasters"]
[Result "1-0"]
[WhiteElo "2113"]
[BlackElo "1737"]

1. e4 c5 2. Nf3 Nc6 3. d4 cxd4 4. Nxd4 g6 5. Nc3 Bg7 6. Be3 Nf6 7. f3 O-O 8. Qd2
d5 9. Nxc6 bxc6 10. O-O-O e6 11. Kb1 a5 12. g4 Ba6 13. Bxa6 Rxa6 14. h4 Qb8 15.
g5 Nh5 16. Bc5 Rc8 17. Rc1 a4 18. Ba3 Qa7 19. Rcd1 Rb8 20. Rhe1 Rab6 21. Ka1 Qa8
22. Rb1 Qa5 23. e5 c5 24. Qe2 Rc8 25. Qh2 Qa8 26. Rbd1 Qa6 27. Qg2 Qc4 28. Qg4
1-0

[Event "AUTO-ADV-1022"]
[Site "http://www.queenalice.com/game.php?id=456587"]
[Date "2008.9.1"]
[Round "1"]
[White "JMasters"]
[Black "jmsteinfeld"]
[Result "1-0"]
[WhiteElo "1739"]
[BlackElo "1700"]

1. e4 e5 2. f4 exf4 3. Nf3 Bc5 4. d4 Bb6 5. Bc4 Qf6 6. O-O Ne7 7. e5 Qf5 8. Nh4
Qe4 9. c3 O-O 10. Kh1 Ng6 11. Bd3 Qc6 12. Qh5 d5 13. exd6 Qxd6 14. Bxf4 Qf6 15.
Bxc7 Qxf1+ 16. Bxf1 Bxc7 17. Nd2 Nxh4 18. Qxh4 Nc6 19. Bd3 h6 20. Qe4 f5 21.
Qd5+ Kh8 22. Rf1 Ne7 23. Qc5 1-0

[Event "AUTO-ADV-1022"]
[Site "http://www.queenalice.com/game.php?id=456588"]
[Date "2008.9.1"]
[Round "1"]
[White "jmsteinfeld"]
[Black "JMasters"]
[Result "0-1"]
[WhiteElo "1701"]
[BlackElo "1764"]

1. e4 c5 2. Bc4 e6 3. d3 d5 4. exd5 exd5 5. Qe2+ Be7 6. Bb3 Nf6 7. Nc3 d4 8. Ne4
O-O 9. Nf3 Bg4 10. h3 Bh5 11. g4 Bg6 12. Bg5 Re8 13. Nxf6+ Bxf6 14. Qxe8+ Qxe8+
15. Kd2 Qc6 16. Bxf6 Qxf3 17. Bh4 Nc6 18. Rae1 Ne5 19. Rxe5 Qf4+ 20. Re3 dxe3+
21. fxe3 Qe5 22. c3 Rd8 23. Bxd8 Qd6 24. d4 Qxd8 25. d5 b5 26. c4 Qa5+ 27. Ke2
bxc4 28. Bxc4 Qa4 29. Bb3 Qe4 30. Rd1 Qg2+ 31. Ke1 Qxh3 32. d6 Qxe3+ 33. Kf1
Bd3+ 0-1

[Event "AUTO-ADV-1022"]
[Site "http://www.queenalice.com/game.php?id=456589"]
[Date "2008.9.1"]
[Round "1"]
[White "JMasters"]
[Black "yclaudiu35"]
[Result "1-0"]
[WhiteElo "1697"]
[BlackElo "1838"]

1. e4 e5 2. f4 exf4 3. Nf3 g5 4. Bc4 d6 5. d4 Bg4 6. Nc3 c6 7. a3 Bg7 8. O-O h5
9. Qd3 Bxf3 10. Rxf3 Qf6 11. Be3 Qh6 12. Bd2 Nd7 13. h4 f6 14. b4 O-O-O 15. b5
c5 16. d5 Ne5 17. Qe2 Nxf3+ 18. Qxf3 Ne7 19. a4 Ng6 20. Qh3+ g4 21. Qh2 g3 22.
Qh3+ Kc7 23. b6+ axb6 24. Nb5+ Kb8 25. a5 Ne5 26. Be2 Ng6 27. axb6 f5 28. Ra7
fxe4 29. Nc7 Bd4+ 30. Kh1 1-0

[Event "AUTO-ADV-1022"]
[Site "http://www.queenalice.com/game.php?id=456590"]
[Date "2008.9.1"]
[Round "1"]
[White "yclaudiu35"]
[Black "JMasters"]
[Result "0-1"]
[WhiteElo "1797"]
[BlackElo "1735"]

1. e4 e5 2. Nf3 Nf6 3. Nc3 Nc6 4. Bb5 Bc5 5. Bxc6 bxc6 6. Nxe5 Ba6 7. Qf3 O-O 8.
d3 Re8 9. Bg5 Rxe5 10. O-O-O Rxg5 11. h4 Rh5 12. g4 Rh6 13. g5 Rg6 14. gxf6 Rxf6
15. Qg4 Rxf2 16. d4 Bb4 17. Rdg1 Qf6 18. e5 Qh6+ 19. Qg5 Qxg5+ 20. Rxg5 c5 21.
Rhg1 g6 22. Ne4 Re2 23. Nf6+ Kg7 24. c3 Ba5 25. dxc5 Rb8 26. b4 Bd3 27. Nxd7 Rb7
28. c6 Rb5 29. a4 Rd5 30. bxa5 Rc2+ 31. Kb1 Rxa5 32. R5g3 Bf5 33. h5 Rxa4 34.
hxg6 fxg6 35. Rg5 Rg2+ 0-1

[Event "Challenge"]
[Site "http://www.queenalice.com/game.php?id=465980"]
[Date "2008.9.20"]
[Round "-"]
[White "JMasters"]
[Black "rogervolei"]
[Result "0-1"]
[WhiteElo "1753"]
[BlackElo "1914"]

1. e4 e6 2. d4 Qh4 3. e5 Nc6 4. Nf3 Qe4+ 5. Be3 Nb4 6. Na3 a6 7. c3 Nd5 8. Bd3
Qg4 9. O-O Nxe3 10. fxe3 Bxa3 11. bxa3 f5 12. h3 Qh5 13. Qb3 g5 14. Kh2 g4 15.
Nd2 Ne7 16. Qb4 Nd5 17. Qc5 Nxe3 18. Rg1 gxh3 19. gxh3 Ng4+ 20. Kg3 Rg8 21. Rab1
Nxe5+ 22. Kh2 Rxg1 23. Rxg1 Ng6 24. Qxc7 Qh4 25. Nc4 Nf4 26. Ne5 Qxh3# 0-1